000 00428nam a2200133Ia 4500
008 231129s2002||||xx |||||||||||||| ||spa||
020 _a84-270-2978-0
082 _a297 J839m
100 _aJosrojavar Farhad.
245 0 _aLos nuevo mártires de Alá: La realidad que esconden los atentados suicidas
260 _c2002
264 _aEspaña: Ediciones martí­nez roca
942 _2ddc
_cBKS
999 _c19886
_d19886